| 000 | 00549nam a2200217Ia 4500 | ||
|---|---|---|---|
| 003 | OSt | ||
| 005 | 20250304151200.0 | ||
| 008 | 210210b1972 xxu||||| |||| 00| 0 eng d | ||
| 040 | _cAL | ||
| 041 | _ahin | ||
| 082 | _aH891.4 RAVK | ||
| 100 |
_aRAV (S V) _9203804 |
||
| 110 |
_bराव एस वी _9203805 |
||
| 245 |
_aKabaddi: _bकबड्डी |
||
| 260 |
_aNayi Dilli _bSterling Publishing Pra. Limited _c1972 |
||
| 300 | _a91 | ||
| 650 |
_aKabaddi _9203806 |
||
| 690 |
_aHindi Prose _9203807 |
||
| 906 | _a030679 | ||
| 942 |
_2ddc _cBK |
||
| 999 |
_c81731 _d81731 |
||